| 000 | 00923cam a2200217 i 4500 | ||
|---|---|---|---|
| 005 | 20260122122134.0 | ||
| 008 | 250721s2020 jo gr 000 0 ara d | ||
| 020 | _a9789957916169 | ||
| 082 | 1 | 4 |
_a342.085 _bم ح ي |
| 100 | 1 |
_aمحيسن، محمد حسن يوسف _eمؤلف. |
|
| 245 | 1 | 0 |
_aضمانات حرية الرأي والتعبير : _bدراسة في ضوء الدستور الاردني و المواثيق الدولية و الفقة الاسلامي / _cالدكتور محمد حسن يوسف محيسن. |
| 250 | _aالطبعة الاولى. | ||
| 264 | 3 | 1 |
_aعمان : _bدار وائل للنشر والتوزيع، _c2020. |
| 300 | _a262 صفحة. | ||
| 650 | 1 | 7 | _aالقانون الدستوري. |
| 650 | 1 | 7 | _aحرية الرأي. |
| 650 | 1 | 7 | _aالحقوق المدنية والسياسية. |
| 650 | 1 | 7 | _aالاردن. |
| 942 |
_2ddc _cBK |
||
| 999 |
_c143580 _d143580 |
||